LEADER 03411oam 2200781I 450 001 9910450345603321 005 20200520144314.0 010 $a1-134-31294-6 010 $a1-280-07585-6 010 $a0-203-41727-5 024 7 $a10.4324/9780203417270 035 $a(CKB)1000000000248949 035 $a(EBL)200681 035 $a(OCoLC)56578611 035 $a(SSID)ssj0000293078 035 $a(PQKBManifestationID)11277953 035 $a(PQKBTitleCode)TC0000293078 035 $a(PQKBWorkID)10270643 035 $a(PQKB)10201436 035 $a(SSID)ssj0001143761 035 $a(PQKBManifestationID)12455986 035 $a(PQKBTitleCode)TC0001143761 035 $a(PQKBWorkID)11114819 035 $a(PQKB)11495610 035 $a(MiAaPQ)EBC200681 035 $a(Au-PeEL)EBL200681 035 $a(CaPaEBR)ebr10098776 035 $a(CaONFJC)MIL7585 035 $a(EXLCZ)991000000000248949 100 $a20180706d2004 uy 0 101 0 $aeng 135 $aur|n|---||||| 181 $ctxt 182 $cc 183 $acr 200 10$aCritical realism, post-positivism and the possibility of knowledge /$fRuth Groff 210 1$aLondon ;$aNew York :$cRoutledge,$d2004. 215 $a1 online resource (161 p.) 225 1 $aRoutledge studies in critical realism ;$v11 300 $aDescription based upon print version of record. 311 $a0-415-46435-8 311 $a0-415-33473-X 320 $aIncludes bibliographical references (p. [143]-148) and index. 327 $aCover; Critical Realism, Post-positivism and the Possibility of Knowledge; Title Page; Copyright Page; Table of Contents; Acknowledgments; 1 Introduction: relativism, anti-realism and causality; 2 On the necessity of necessary connections: critical realism and Kant's transcendental idealism; 3 Natural kinds: critical realism and Putnam's internal realism; 4 Alethic truth; 5 Recovering Aristotle: realism about causality and the social sciences; 6 Conclusion: critical realism and the post-positivist quagmire; Bibliography; Index 330 $aGroff defends 'realism about causality' through close discussions of Kant, Hilary Putnam, Brian Ellis and Charles Taylor, among others. In so doing she affirms critical realism, but with several important qualifications. In particular, she rejects the theory of truth advanced by Roy Bhaskar. She also attempts to both clarify and correct earlier critical realist attempts to apply realism about causality to the social sciences.By connecting issues in metaphysics and philosophy of science to the problem of relativism, Groff bridges the gap between the philosophical literature and broader deba 410 0$aRoutledge studies in critical realism ;$v11. 606 $aRelativity 606 $aCausation 606 $aCritical realism 606 $aKnowledge, Theory of 606 $aTruth 606 $aPositivism 608 $aElectronic books. 615 0$aRelativity. 615 0$aCausation. 615 0$aCritical realism. 615 0$aKnowledge, Theory of. 615 0$aTruth. 615 0$aPositivism. 676 $a149/.2 700 $aGroff$b Ruth$f1963-,$0849151 801 0$bMiAaPQ 801 1$bMiAaPQ 801 2$bMiAaPQ 906 $aBOOK 912 $a9910450345603321 996 $aCritical realism, post-positivism and the possibility of knowledge$92149327 997 $aUNINA LEADER 02920nam 2200709 a 450 001 9910788762303321 005 20230803033549.0 010 $a3-11-030097-4 024 7 $a10.1515/9783110300970 035 $a(CKB)3360000000457942 035 $a(EBL)1174150 035 $a(SSID)ssj0000916798 035 $a(PQKBManifestationID)12468271 035 $a(PQKBTitleCode)TC0000916798 035 $a(PQKBWorkID)10877718 035 $a(PQKB)10280978 035 $a(MiAaPQ)EBC1174150 035 $a(DE-B1597)179338 035 $a(OCoLC)1013938492 035 $a(OCoLC)853259222 035 $a(DE-B1597)9783110300970 035 $a(Au-PeEL)EBL1174150 035 $a(CaPaEBR)ebr10728878 035 $a(CaONFJC)MIL503429 035 $a(OCoLC)851970643 035 $a(EXLCZ)993360000000457942 100 $a20130313d2013 uy 0 101 0 $ager 135 $aur|n|---||||| 181 $ctxt 182 $cc 183 $acr 200 00$aErfolgreich recherchieren$b[electronic resource] $iMedizin /$fIris Reimann 210 $aBerlin ;$aBoston $cDe Gruyter Saur$d2013 215 $a1 online resource (128 p.) 225 0 $aErfolgreich recherchieren 225 0$aErfolgreich recherchieren,$x2194-3443 300 $aDescription based upon print version of record. 311 $a3-11-030095-8 320 $aIncludes bibliographical references and index. 327 $t Frontmatter -- $tInhaltsverzeichnis -- $tErfolgreich recherchieren - Medizin 330 $aDieser Band bietet einen umfassenden Überblick über die Informationsressourcen zu allen Teilgebieten der Medizin. Vorgestellt werden nicht nur die zentralen Rechercheinstrumente wie Bibliothekskataloge, Fachportale, Internetsuchmaschinen, Aufsatzdatenbanken und Nachschlagewerke, sondern auch Strategien für die erfolgreiche Literaturrecherche sowie ausgewählte Anbieter medizinischer Fachinformationen. Ein eigener Teil des Buches widmet sich der Weiterverarbeitung der gefundenen Informationen, also der Literaturbeschaffung, der Verwendung von Literaturverwaltungsprogrammen und dem richtigen Zitieren. Ob für das erste Referat oder die Doktorarbeit - hier bekommen Sie einen kompetenten Leitfaden für die erfolgreiche medizinische Recherche an die Hand. 410 0$aErfolgreich recherchieren 606 $aMedical literature 606 $aMedicine$xInformation resources 610 $aInformation competency. 610 $aeducation. 610 $ainformation resources. 610 $amedicine. 610 $aresearch. 615 0$aMedical literature. 615 0$aMedicine$xInformation resources. 676 $a610.285 700 $aReimann$b Iris, $01056900 701 $aReimann$b Iris$01056900 801 0$bMiAaPQ 801 1$bMiAaPQ 801 2$bMiAaPQ 906 $aBOOK 912 $a9910788762303321 996 $aErfolgreich recherchieren$93835334 997 $aUNINA